000 00473 a2200157 4500
999 _c3117
_d3117
020 _a1855733307
050 _aKD1737 ROB 2003
100 _aRoberts, Graham
245 _a Law relating to international banking /
_cGraham Roberts
264 _aCambridge
_bWoodheard Publishing Ltd
_c2003
300 _axvi, 341p.
440 _aGresham books
500 _aIncludes index
650 _aBanks and banking, International
_xLaw and legislation
942 _2lcc
_cBK
_h1737
_iROB
_kKD